| 000 | 01213nam a22003137a 4500 | ||
|---|---|---|---|
| 001 | 8149 | ||
| 003 | FISKH | ||
| 005 | 20260429091247.0 | ||
| 008 | 250828b cb ||||| |||| 00| 0 eng d | ||
| 020 | _a9780462003153 | ||
| 040 |
_aFISKH _beng _cFISKH _dFISKH |
||
| 050 | _aPZ7 | ||
| 082 | _a372.4 | ||
| 100 | _aBiggs, Mitchell | ||
| 245 |
_aThe speedy sparrow / _cWritten by Michell Biggs : Illustrated by Robert Roenndeldt |
||
| 250 | _aFirst published 2008 | ||
| 260 |
_aLondon : _bMarshall Cavendish Education , _c2008. |
||
| 300 |
_a16 pages : _bcolor illustrations ; _c16 x 19 cm |
||
| 490 |
_aMy pals are here ! Reading stars : _312a |
||
| 505 | _aF | ||
| 520 | _aThe speedy sparrow, Betty bee's lunch, Puppet pets , Where does Mr Black live? , Granny's lost glasses , Duck school, Lucy little crane , Where is lion ? , Out and about ? , Duck school, The olympians , Fish soup , The greedy goats , a trip to the zoo, Lenny and the comet | ||
| 521 | 8 |
_a500
_bLexile estimate |
|
| 521 | 8 |
_aJ
_bRaz-Plus |
|
| 650 |
_aNarative _vFantasy animals |
||
| 650 |
_aModerate picture _vVocabulary |
||
| 700 |
_aRoennfeldt, Robert _eIllustrator |
||
| 942 |
_2ddc _cBK _n0 |
||
| 999 |
_c8149 _d8149 |
||